Soviet women - a portrait /
Shranjeno v:
| Glavni avtor: | |
|---|---|
| Format: | Sách giấy |
| Jezik: | English |
| Izdano: |
Maxcơva :
Tiến bộ,
1981
|
| Oznake: |
Označite
Brez oznak, prvi označite!
|
| Thư viện lưu trữ: | Thư viện Trường Đại học Đà Lạt |
|---|
| LEADER | 00557nam a2200241 4500 | ||
|---|---|---|---|
| 001 | DLU020017026 | ||
| 005 | ##1/10/2001 | ||
| 020 | # | # | |a 978- |
| 041 | # | # | |a eng |
| 082 | # | # | |a 305.4 |b VI-N |
| 100 | # | # | |a Vishneva-Sarafanova, N. |
| 245 | # | # | |a Soviet women - a portrait / |c N. Vishneva-Sarafanova |
| 260 | # | # | |a Maxcơva : |b Tiến bộ, |c 1981 |
| 300 | # | # | |a 157 tr.; |c 21 cm. |
| 992 | # | # | |a 274 |
| 994 | # | # | |a DLU |
| 900 | # | # | |a False |
| 911 | # | # | |a Administrator |
| 925 | # | # | |a G |
| 926 | # | # | |a A |
| 927 | # | # | |a SH |
| 980 | # | # | |a Thư viện Trường Đại học Đà Lạt |